| 000 | 00336nam a2200109Ia 4500 | ||
|---|---|---|---|
| 008 | 171211s9999 xx 000 0 und d | ||
| 245 | _aBuilding Tall: My Life and the Invention of Construction Management | ||
| 245 | _cJohn L. Tishman | ||
| 260 | _c2011 | ||
| 650 | _xArchitecture | ||
| 856 | _uhttp://down.ebook777.com/060/0472118307.pdf | ||
| 999 |
_c350033 _d350033 |
||